By design 2nd edition : (Record no. 353844)

000 -LEADER
fixed length control field 01777nam a2200253 a 4500
001 - CONTROL NUMBER
control field ASIN1563673495
003 - CONTROL NUMBER IDENTIFIER
control field OSt
005 - DATE AND TIME OF LATEST TRANSACTION
control field 20180116192419.0
008 - FIXED-LENGTH DATA ELEMENTS--GENERAL INFORMATION
fixed length control field 131126s2004 xxu eng d
020 ## - INTERNATIONAL STANDARD BOOK NUMBER
International Standard Book Number 1563673495 (turtleback)
Terms of availability $57.00
020 ## - INTERNATIONAL STANDARD BOOK NUMBER
International Standard Book Number 9781563673498 (turtleback)
040 ## - CATALOGING SOURCE
Transcribing agency 0
050 04 - LIBRARY OF CONGRESS CALL NUMBER
Classification number TS171.4
082 04 - DEWEY DECIMAL CLASSIFICATION NUMBER
Classification number 745.2
100 1# - MAIN ENTRY--PERSONAL NAME
Personal name Caplan, Ralph.
9 (RLIN) 7132
245 10 - TITLE STATEMENT
Title By design 2nd edition :
Remainder of title why there are no locks on the bathroom doors in the hotel louis xiv and other object lessons /
Statement of responsibility, etc. Ralph Caplan.
250 ## - EDITION STATEMENT
Edition statement Second Edition.
260 ## - PUBLICATION, DISTRIBUTION, ETC.
Place of publication, distribution, etc. [S.l.] :
Name of publisher, distributor, etc. Fairchild Books,
Date of publication, distribution, etc. 2004.
300 ## - PHYSICAL DESCRIPTION
Extent 267 p. ;
Dimensions 24 cm.
520 ## - SUMMARY, ETC.
Summary, etc. An inspiring resource for design students, professionals or anyone else who could benefit from a fuller appreciation of the design process, By Design vividly shows how design affects our most significant human activities. A network of engrossing stories illuminate the process as it applies to industrial design, interior design, fashion design, graphic design and the design of business and social situations. It is the perfect accompaniment to a broad area of foundation courses for designers-in-training. This new edition of the popular classic features updated examples of timeless ideas, illustrated in full colour. A concluding chapter discusses what has, and has not, changed since the first edition, examining design responses to radical technological development and shifting consumer demands. An elegant foreword by Paola Antonelli of the Museum of Modern Arts Department of Architecture and Design reintroduces the book to a fresh generation of readers.
650 #0 - SUBJECT ADDED ENTRY--TOPICAL TERM
Topical term or geographic name entry element Industrial design
9 (RLIN) 7133
856 40 - ELECTRONIC LOCATION AND ACCESS
Materials specified Amazon.com
Uniform Resource Identifier <a href="http://www.amazon.com/exec/obidos/ASIN/1563673495/chopaconline-20">http://www.amazon.com/exec/obidos/ASIN/1563673495/chopaconline-20</a>
942 ## - ADDED ENTRY ELEMENTS (KOHA)
Source of classification or shelving scheme
Koha item type Book
Holdings
Withdrawn status Lost status Source of classification or shelving scheme Damaged status Not for loan Permanent Location Current Location Date acquired Total Checkouts Total Renewals Full call number Barcode Date last seen Date last checked out Cost, replacement price Price effective from Koha item type
          School of Art Design and Architecture (SADA) School of Art Design and Architecture (SADA) 11/26/2013 3 4 745.2 CAP 2004 SADA0002157 04/07/2016 03/11/2016 5593.10 11/26/2013 Book
© 2023 Central Library, National University of Sciences and Technology. All Rights Reserved.